|
|
|
|
| LEADER |
00803cam a2200229 7i4500 |
| 001 |
0000039073 |
| 005 |
20190529090000.0 |
| 008 |
140521 eng |
| 020 |
|
|
|a 9789814319621 (pbk.)
|
| 020 |
|
|
|a 9814319627
|
| 090 |
0 |
0 |
|a HF5635.M4
|b A29 2011
|
| 245 |
0 |
0 |
|a Accounting :
|b a Malaysian perspective
|c Rosli Mohamad ... [et al.].
|
| 250 |
|
|
|a 4th ed.
|
| 260 |
|
|
|a Singapore:
|b Cengage Learning Asia,
|c 2011.
|
| 300 |
|
|
|a x, 447 p.:
|b ill. (some col.);
|c 25 cm.
|
| 504 |
|
|
|a Includes bibliographical references and index
|
| 650 |
0 |
0 |
|a Accounting --
|z Malaysia
|
| 650 |
0 |
0 |
|a Accounting
|
| 700 |
0 |
|
|a Rosli Mohamad
|
| 997 |
|
|
|a Business & Accountancy, Faculty
|
| 999 |
|
|
|a 0000025801
|b BOK
|c OPEN SHELF
|e 1st Floor, Shah Alam
|
| 999 |
|
|
|a 0000057737
|b BOK
|c OPEN SHELF
|e 1st Floor, Shah Alam
|